Tilastot visalle Sanat - "Kolmekymppinen" - Frederik

Klikkaa tästä pelataksesi tätä visaa!

Yleistilastot

  • Tätä visaa on pelattu 76 kertaa
  • Keskiarvotulos 62 / 127

Vastaustilastot

Sanat% Oikein
kolmekymppinen,
100%
kolmekymppinen
100%
oo
96%
oon
96%
91%
91%
on
89%
Takana
87%
En
85%
rillu-vuosien
85%
putki
79%
enää
75%
luja
74%
sinisilmäinen,
70%
ole
66%
Olen
62%
Jo
60%
jo
60%
Ja
58%
elämän
49%
se
49%
tulee
47%
vanha
45%
läpi
43%
muistan
43%
stara
43%
Tässä
43%
joka
42%
Ei
38%
iskelmän
38%
kymmenluvun
34%
tiedän
34%
viisi-
34%
kuin
32%
kun
32%
miten
32%
niin
32%
32%
aikanaan...
30%
silloin
30%
tavoille
30%
työ
30%
miesten
28%
mitä
28%
nyt
28%
raskas
28%
opin
26%
pääsin
26%
täällä
26%
tarvitaan
25%
temput
25%
työttömänä
25%
harva
23%
jumaliste
23%
meistä
23%
mua
23%
rautaa
23%
tiedetään
23%
joita
21%
päivä
21%
yksikään
21%
jatsi-vuosien
19%
joskus
19%
miehen
19%
tuleekin
19%
otan
17%
pilsnerin
17%
kanssa
15%
kavereiden
15%
lyönyt
15%
maahan
15%
naisista
13%
pidän
13%
elää
11%
(aaa,
9%
aaa,
9%
aaa)
9%
heikot
9%
Nääs
9%
sydämeni
9%
syttynyt
9%
tieltä
9%
tuleen
9%
väistyköön
9%
vasta
9%
meikä
8%
Pois
8%
alvotti
0%
kertosäe
0%
kertosäe:
0%

Tulosjakauma

Persentiili vastausten määrän mukaan

Jokaisen tuloksen saaneiden osuus

Tuloshistoriasi

Et ole pelannut tätä visaa